Cổ học tinh hoa

Bewaard in:
Bibliografische gegevens
Hoofdauteur: Nguyễn, Văn Ngọc
Formaat: Boek
Taal:Undetermined
Gepubliceerd in: Thanh Hóa Nhà xuất bản Thanh Hóa 2000
Onderwerpen:
Tags: Voeg label toe
Geen labels, Wees de eerste die dit record labelt!
Thư viện lưu trữ: Trung tâm Học liệu Trường Đại học Cần Thơ
LEADER 00602nam a2200193Ia 4500
001 CTU_91015
008 210402s9999 xx 000 0 und d
020 |c 32000 
082 |a 181.11 
082 |b Ng419 
100 |a Nguyễn, Văn Ngọc 
245 0 |a Cổ học tinh hoa 
245 0 |c Ôn Như Nguyễn Văn Ngọc, Tử An Trần Lê Nhân 
260 |a Thanh Hóa 
260 |b Nhà xuất bản Thanh Hóa 
260 |c 2000 
650 |a Philosophy, Chinese,Ethics,Short stories, Chinese 
904 |i Nguyên 
980 |a Trung tâm Học liệu Trường Đại học Cần Thơ